000 04763nam a2200409Ia 4500
008 130821s1773 gw gr lat
040 _aCo-BoUCM
_bspa
041 0 _alat
092 _aE21N050
130 0 _aCORPUS JURIS CIVILIS
242 0 0 _aCódigo de Derecho Canónico académico
_ccorregido y anotado por P. Lancellotti. Distribuido en dos tomos y adaptado al uso moderno, con el método de Cristóbal Enrique Freiesleben, para que cualquier estudioso, aunque sea sólo un aprendiz, pueda encontrar fácil y rápidamente todos los cánones, causas y capítulos
_nTomo primero
_yspa
242 0 0 _aDecretales del Papa Gregorio IX. Libro Sexto de las Clementinas y Extravagantes, completado con el libro Séptimo de las Decretales y las Instituciones de Derecho Canónico de Juan Pablo Lancellotti
_nTomo segundo
_yspa
245 1 0 _aCorpus Juris Canonici academicum
_bemendatum et notis P. Lancellotti illustratum, in suos tomos distributum usuique moderno ad modum Cristoph. Henr. Freiesleben ... ita accommodatum ut nunc studiosorum quivis, etiam tyro, uno quasi intuitu omnes canones, causas et capitula invenire possit ... ;Tomus primus
246 1 2 _a[Código de Derecho Canónico académico
_ccorregido y anotado por P. Lancellotti. Distribuido en dos tomos y adaptado al uso moderno, con el método de Cristóbal Enrique Freiesleben, para que cualquier estudioso, aunque sea sólo un aprendiz, pueda encontrar fácil y rápidamente todos los cánones, causas y capítulos
_nTomo primero]
246 1 2 _a[Decretales del Papa Gregorio IX. Libro Sexto de las Clementinas y Extravagantes, completado con el libro Séptimo de las Decretales y las Instituciones de Derecho Canónico de Juan Pablo Lancellotti
_nTomo segundo]
246 1 3 _aGregorii Papae IX Decretales una cum Libro Sexto Clementinis et Extravagantibus quibus accedunt Septimum Decretalium et Jo. Pauli Lancelotti Institutiiones Iuris Canonici ...
_nTomus secundus]
260 _aColonia (Westfalia, Alemania)
_bImpensis Emanuelis Turneysen, bibliop. et tipogr. [A expensas de Manuel Turneyssen, librero y tipógrafo]
_c1773
300 _a2 volúmenes[[2] páginas 1280 col ; [18] páginas 754 col, [6] páginas 404 col, [36] páginas [2] páginas 236 col, [10] páginas [3] páginas 158 col, [1] páginas
500 _aDetalles físicos (Colección): Encuadernación flexible en pergamino; piel arrugada y manchada. Descuadernado. Conserva parte de las guardas. Portada impresa a una sola tinta con un pequeño grabado (calcografía de buena calidad), firma ilegible. Impresión del texto en dos columnas, separadas por una línea vertical, sobre papel ordinario. Reclamos y Signaturas. Papel con manchas de humedad y perforaciones de insectos. Varias anotaciones en guardas y en la portada, en portada dos sellos de tinta: "Del Colegio de Ntra. Sra. del Rosario", "El Colegio de Nuestra Señora del Rosario". Y anotación manuscrita: "Legado en estamento por el Doctor Segundo (), cura de Melgar, año de 1821, 2p0s del rectorado de Doctor Juan () de Sotomayor".
500 _aDetalles físicos (V.2): Perforaciones de insectos en columnas 453-454.
505 0 _aV.1: Código de Derecho Canónico: Decreto de Graciano, reconstruidos según los manuscritos antiguos y explicado con notas. ; Cánones Penitenciales. ; Cánones de los Santos Apóstoles.
505 0 _aV.2: Decretales del Papa Gregorio IX. ; Libro Sexto de las Clementinas y Extravagantes, completado con el libro Séptimo de las Decretales y las Instituciones de Derecho Canónico de Juan Pablo Lancellotti.
506 _aConsulta en sala.
546 _aTexto en latín.
600 0 4 _aJustiniano
_bI
_cEmperador de Oriente
_d482-565
_vComentarios
_92025
650 0 4 _aDerecho canónico
_912710
650 0 4 _aDerecho canónico
_ySiglo XVIII
_912710
650 0 4 _aDerecho civil
_912711
650 0 4 _aDerecho civil
_xObras anteriores a 1800
_912711
700 1 _aFreiesleben, Christobal Enrique
_dd. ca. 1733
700 1 _aGirardi, Gaspar
_eimp.
700 1 _aLancellotti, Juan Pablo,
856 4 1 _zDisponible en línea V.1
_uhttp://books.google.es/books?id=v_xBAAAAcAAJ&printsec=frontcover&dq=Corpus+Iuris+Canonici+academicum+1773&source=bl&ots=bSW-FocvlJ&sig=ZAAwAD3Vbk1zkYmqGUWlCPnZUvM&hl=es&sa=X&ei=4GQZUK7zJYfW6wGl6oHYCQ&ved=0CC4Q6AEwAA#v=onepage&q&f=false
856 4 1 _zDisponible en línea V.2
_uhttp://books.google.es/books?id=qT890LpvUjkC&printsec=frontcover&dq=Gregorii+Papae+IX+Decretales+una+cum+Libro+Sexto++1773&source=bl&ots=5S-kKhsj4r&sig=eEgIQg25GCbuq78MBgn0L_NG3iY&hl=es&sa=X&ei=emkZUL_hM4i46QHc-oGYBQ&ved=0CEgQ6AEwAw#v=onepage&q=Gregorii%20Papae%20IX%20Decretales%20una%20cum%20Libro%20Sexto%20%201773&f=false
942 _cLIBRO
_a8
_e1
_2DEWEY
_h340.56
999 _c37851
_d37851